000 03775nam a2200433 i 4500
001 193455
003 ES-MaACL
005 20240928063101.0
008 230629s2023 sp | |||| 100 0 spa
017 _aM 14434-2023
020 _a9788413527222
_qObra completa
020 _a9788413527208
_qVol. I
020 _a9788413527215
_qVol. II
040 _cES-MaACL
080 _a341.176(4-6 UE)(091)(062.552)
111 2 _aCongreso de Europa
_d(1948.
_cLa Haya)
_9234718
245 1 3 _aEl Congreso de Europa (La Haya, 1948) :
_n
_bel nacimiento de la Unión Europea /
_cFrancisco Aldecoa y Eugenio Nasarre (eds.)
246 _aNacimiento de la Unión Europea
260 _aMadrid :
_bCatarata,
_c[2023]
300 _a2 volúmenes (445, 317 páginas);
_c24 cm
490 0 _aLa Europa a la que vamos
_v; 10
500 _aPublicación de las Actas completas del Congreso celebrado en La Haya los días 7 al 11 de mayo de 1948
500 _aEn cubierta: Movimiento Europeo, Consejo Federal Español
500 _aÍndice
500 _aGuardado en caja
520 _aEn los días 7 al 11 de mayo de 1948 en la todavía devastada ciudad de La Haya se celebró el Congreso de Europa, en el que se pusieron los cimientos de la Unión Europa. Presidido por Winston Churchill y convocado por los Movimientos para la Unidad Europea, congregó a ochocientas personalidades del mundo político, económico, sindical, universitario, confesiones religiosas, intelectuales y representantes de diversos ámbitos de la vida social. El éxito del Congreso, promovido por la sociedad civil, y la fecundidad de sus debates lo han convertido en un hecho determinante para la historia de la integración europea. Sus "Resoluciones" constituyeron unas orientaciones fundamentales para trazar el camino que se emprendió hacia la construcción de la Europa Unida. Este libro publica por primera vez en español las Actas completas del Congreso, que se desarrolló en dos sesiones plenarias y en las tres comisiones en las que se dividieron sus trabajos: Comisión Política, Comisión Económica y Social y Comisión Cultural, presididas por los expresidentes de gobierno Paul Ramadier y Paul Van Zeeland, así como por el escritor español Salvador de Madariaga. Los debates son extraordinariamente vivos y en ellos se reflejan las distintas tendencias de la Europa democrática de la posguerra y sus visiones sobre el futuro del continente. Todos ellos estaban animados por un espíritu común: la necesidad imperiosa de la unión política de Europa al servicio de la paz y de la prosperidad del continente, bajo los valores superiores de la libertad, la democracia y la dignidad humana. Setenta y cinco años después de la celebración del Congreso de Europa, varios autores españoles complementan la edición de estas Actas con un análisis sobre el significado histórico del Congreso. La lectura de sus Actas resulta indispensable para una comprensión de las bases y fundamentos de la Unión Europea.
610 0 4 _aUnión Europea-
_vCongresos y asambleas
_97019
700 1 _9174811
_aAldecoa Luzárraga, Francisco
_epbl
700 0 _984958
_aNasarre, Eugenio
_epbl
710 2 _9156413
_aMovimiento Europeo.
_bConsejo Federal Español
830 _9234813
_aLa Europa a la que vamos
852 _aES-MaACL
_bR.154857
_cDEPOJ
_hDonación: Editorial
_jN-9629
_9201021
_xEncuadernación rústica con solapas
852 _aES-MaACL
_bR. 154857
_cDEPOJ
_hDonación: Editorial
_jN-9630
_9201022
_xEncuadernación rústica con solapas
942 _cMONOGRAFIA
_n0
999 _c193455
_d193455